Central Library OPAC University of Rajshahi

মানুষ ও মহাবিশ্ব / (Record no. 39326)

MARC details
000 -LEADER
fixed length control field 01013nam a2200253 a 4500
001 - CONTROL NUMBER
control field 39326
003 - CONTROL NUMBER IDENTIFIER
rucl marc code BD-RjUL
005 - DATE AND TIME OF LATEST TRANSACTION
control field 20211209052952.0
008 - FIXED-LENGTH DATA ELEMENTS--GENERAL INFORMATION
fixed length control field 160407b bg||||| |||| 00| 0 ben d
020 ## - INTERNATIONAL STANDARD BOOK NUMBER
International Standard Book Number 9844584450
Terms of availability : Tk. 275.00
035 ## - SYSTEM CONTROL NUMBER
System control number (BD-RjUL) 39439
040 ## - CATALOGING SOURCE
Original cataloging agency BD-RjUL
Language of cataloging ben
Transcribing agency BD-RjUL
041 ## - LANGUAGE CODE
Language code of text/sound track or separate title ben
082 ## - DEWEY DECIMAL CLASSIFICATION NUMBER
Edition number 23
Classification number 323.1
Author mark and year BHM 2008.
100 ## - MAIN ENTRY--PERSONAL NAME
Personal name ভট্রাচার্য , শিশিরকৃুমার
9 (RLIN) 121215
245 10 - TITLE STATEMENT
Title মানুষ ও মহাবিশ্ব /
Statement of responsibility, etc. শিশিরকৃুমার ভট্রাচার্য
250 ## - EDITION STATEMENT
Edition statement ২য় সং.
260 ## - PUBLICATION, DISTRIBUTION, ETC. (IMPRINT)
Place of publication, distribution, etc. ঢাকা :
Name of publisher, distributor, etc. সময় প্রকাশন ,
Date of publication, distribution, etc. ২০০৮
300 ## - PHYSICAL DESCRIPTION
Pagination ২৩৭ পৃ. ;
Size ২১ সেমি.
504 ## - BIBLIOGRAPHY, ETC. NOTE
Bibliography, etc গ্রন্থ নির্দেশ ও নির্বাচিত শব্দসমূহ
650 ## - SUBJECT ADDED ENTRY--TOPICAL TERM
Topical term or geographic name as entry element Astronomy.
9 (RLIN) 121216
Topical term or geographic name as entry element জ্যোতির্বিদ্যা .
9 (RLIN) 121217
942 ## - ADDED ENTRY ELEMENTS (KOHA)
Source of classification or shelving scheme Dewey Decimal Classification
Koha item type Books
Holdings
Lost status Source of classification or shelving scheme Damaged status Not for loan Collection code Permanent Location Current Location Shelving location Date acquired Source of acquisition Cost, normal purchase price Total Checkouts Full call number Date last seen Copy number Koha item type Date checked out
  Dewey Decimal Classification   Not For Loan Non-fiction Central Library, University of Rajshahi Central Library, University of Rajshahi Reading Room 23/01/2016 R.U. Department of Mathematics 275.00   B 323.1 BHM 2008. 07/04/2016 C-1 Books  
  Dewey Decimal Classification     Non-fiction Central Library, University of Rajshahi Central Library, University of Rajshahi   23/01/2016 R.U. Department of Mathematics 275.00 6 B 323.1 BHM 2008. 24/01/2024 C-2 Books 15/01/2024